Communication management : (Record no. 345476)

000 -LEADER
fixed length control field 00594 a2200169 4500
020 ## - INTERNATIONAL STANDARD BOOK NUMBER
International Standard Book Number 8171007791
020 ## - INTERNATIONAL STANDARD BOOK NUMBER
International Standard Book Number 9788171007790
090 ## - LOCALLY ASSIGNED LC-TYPE CALL NUMBER (OCLC); LOCAL CALL NUMBER (RLIN)
-- 2986
-- 2986
100 1# - MAIN ENTRY--PERSONAL NAME
Personal name Rathnaswamy, P.
245 10 - TITLE STATEMENT
Title Communication management :
Remainder of title theory and practice /
Statement of responsibility, etc. P. Rathnaswamy.
260 ## - PUBLICATION, DISTRIBUTION, ETC.
Place of publication, distribution, etc. [S.l.] :
Name of publisher, distributor, etc. Deep & Deep Publications,
Date of publication, distribution, etc. 1997.
300 ## - PHYSICAL DESCRIPTION
Extent 240 p.
500 ## - GENERAL NOTE
General note Hardcover.
856 40 - ELECTRONIC LOCATION AND ACCESS
Materials specified Amazon.com
Uniform Resource Identifier <a href="http://www.amazon.com/exec/obidos/ASIN/8171007791/chopaconline-20">http://www.amazon.com/exec/obidos/ASIN/8171007791/chopaconline-20</a>
856 40 - ELECTRONIC LOCATION AND ACCESS
Materials specified Amazon customer reviews
Uniform Resource Identifier <a href="http://www.chopac.org/cgi-bin/tools/azrev.pl?q=8171007791">http://www.chopac.org/cgi-bin/tools/azrev.pl?q=8171007791</a>
942 ## - ADDED ENTRY ELEMENTS (KOHA)
Institution code [OBSOLETE] NBS
Koha item type Book
Call number prefix 658.45 RAT
Holdings
Withdrawn status Lost status Damaged status Not for loan Permanent Location Current Location Date acquired Total Checkouts Full call number Barcode Date last seen Price effective from Koha item type
        Central Library (CL) Central Library (CL) 08/28/2013   658.45 RAT NBS3893 08/28/2013 08/28/2013 Book
        Central Library (CL) Central Library (CL) 08/28/2013   658.45 RAT NBS3894 08/28/2013 08/28/2013 Book
© 2023 Central Library, National University of Sciences and Technology. All Rights Reserved.